Cities in Their Native Language - Statistics

General Stats
  • This quiz has been taken 147 times
  • The average score is 20 of 24
Answer Stats
Native City % Correct
Roma Rome
99%
Lisboa Lisbon
98%
Ciudad de Mexico Mexico City
98%
Moskva Moscow
98%
Warszawa Warsaw
98%
Athina Athens
97%
Ciudad de Panama Panama City
97%
Kyyiv Kiev
96%
Bruxelles Brussels
95%
Praha Prague
95%
Wien Vienna
95%
København Copenhagen
94%
Napoli Naples
94%
Sankt-Peterburg St. Petersburg
94%
Bayrut Beirut
93%
Beograd Belgrade
92%
Bucureşti Bucharest
90%
Dimashq Damascus
74%
Krung Thep Bangkok
73%
Jida Jeddah
55%
Alqahr Cairo
44%
Raankone Yangon
40%
Xianggang Hong Kong
33%
EGoli Johannesburg
13%
No matching quizzes found
Score Distribution
Percent of People with Each Score
Percentile by Number Answered
Your Score History
You have not taken this quiz